History of Velama Kingdoms/ (Record no. 200422)

MARC details
000 -LEADER
fixed length control field 00650nam a22002057a 4500
005 - DATE AND TIME OF LATEST TRANSACTION
control field 20240129120051.0
010 ## - LCCN (DPL NO)
LC control number ENG-139052
020 ## - INTERNATIONAL STANDARD BOOK NUMBER
International Standard Book Number 9788190890694
Terms of availability 1275.00
035 ## - SYSTEM CONTROL NUMBER
System control number EN-122584
037 ## - SOURCE OF ACQUISITION
Source of stock number/acquisition DBAD/PUB
082 ## - DEWEY DECIMAL CLASSIFICATION NUMBER
Classification number 594.84
Edition number 1
100 ## - MAIN ENTRY--PERSONAL NAME
Personal name Rachakonda
245 ## - TITLE STATEMENT
Title History of Velama Kingdoms/
Statement of responsibility, etc Rachakonda
250 ## - EDITION STATEMENT
Edition statement 1
260 ## - PUBLICATION, DISTRIBUTION, ETC. (IMPRINT)
Place of publication, distribution, etc Hyderabad
Name of publisher, distributor, etc Sree Bhagavan Publications
Date of publication, distribution, etc 2016
270 ## - ADDRESS
Address 7-1-29/23,flat no. 102,Sai Siri Sampada Apartments, Leela Nagar,Ameerpet
City Hyderabad
Postal code 500016
300 ## - PHYSICAL DESCRIPTION
Extent 208 p.
Dimensions 31 cm(hbk)
700 ## - ADDED ENTRY--PERSONAL NAME
Personal name Rachakonda and Devarakonda
9 (RLIN) 61376
942 ## - ADDED ENTRY ELEMENTS (KOHA)
Source of classification or shelving scheme Dewey Decimal Classification
Item type English Books
Classification part 954.84
Call number suffix RAC
Holdings
Withdrawn status Lost status Not for loan Collection code Home library Current library Date acquired Source of acquisition Cost, normal purchase price Full call number Barcode Copy number Cost, replacement price Koha item type
    Not For Loan Reference Sarojini Nagar Sarojini Nagar 29/01/2024 DBAD/pub 1275.00 954.84 RAC EN-122584 1 1275.00 English Books

© Delhi Public Library
Hit Counter
free hit counter